|
|
|
|
| LEADER |
00000cam a2200000 7i4500 |
| 001 |
0000002951 |
| 005 |
20151222.0 |
| 008 |
070717 |
| 020 |
|
|
|a 9833258662
|
| 090 |
0 |
0 |
|a JF
|b ENG
|
| 245 |
1 |
0 |
|a Grandma tales
|
| 260 |
|
|
|a Selangor :
|b Early Learner Publications ,
|c 2004
|
| 440 |
|
|
|a My most loved
|
| 500 |
|
|
|a Children ages 10-12 years old (pink)
|
| 650 |
|
0 |
|a Children's stories,English
|
| 999 |
|
|
|a 0000963008
|b Book
|c Children Collection
|e Cawangan Segamat
|
| 999 |
|
|
|a 0000963009
|b Book
|c Children Collection
|e Cawangan Bukit Gambir
|
| 999 |
|
|
|a 0001050105
|b Book
|c Children Collection
|e Cawangan Bukit Gambir
|